Catalogue of research literature for development (Record no. 11340)

MARC details
000 -LEADER
fixed length control field 00405nam a2200109Ia 4500
082 ## - DEWEY DECIMAL CLASSIFICATION NUMBER
Classification number RR 011.02 CAT
245 #0 - TITLE STATEMENT
Title Catalogue of research literature for development
260 ## - PUBLICATION, DISTRIBUTION, ETC. (IMPRINT)
Place of publication Washington
Name of publisher Agency for International Development
Year of publication 1977
300 ## - PHYSICAL DESCRIPTION
Number of Pages 597p.
500 ## - GENERAL NOTE
General note V-2. Food production and nutrition development and economics edu. and human resources health selected development areas<br/>
942 ## - ADDED ENTRY ELEMENTS (KOHA)
Koha item type Books
Source of classification or shelving scheme Dewey Decimal Classification
Holdings
Withdrawn status Lost status Damaged status Not for loan Home library Current library Date acquired Full call number Accession Number Price effective from Koha item type
        NASSDOC Library NASSDOC Library 08/10/2004 RR 011.02 CAT 12167 18/04/2019 Books